Cebada cervecera /
Guardado en:
| Autor Principal: | |
|---|---|
| Otros Autores: | , |
| Formato: | Libro |
| Idioma: | Spanish |
| Publicado: |
Buenos Aires :
Orientación Gráfica : FAUBA,
2011.
|
| Etiquetas: |
Agregar Etiqueta
Sin Etiquetas, Sea el primero en etiquetar este registro!
|
| LEADER | 01460nam a22002175a 4500 | ||
|---|---|---|---|
| 001 | EEA.libagro008477 | ||
| 005 | 20180704091009.0 | ||
| 008 | 130809s2011####ag#a##########000#0#spa#d | ||
| 020 | |a 9789879260845 | ||
| 082 | 0 | 4 | |a 633.16 |
| 100 | 1 | |a Miralles, Daniel Julio. | |
| 245 | 1 | 0 | |a Cebada cervecera / |c Daniel J. Miralles, Roberto L. Benech-Arnold, L. Gabriela Abeledo (editores). |
| 260 | |a Buenos Aires : |b Orientación Gráfica : |b FAUBA, |c 2011. | ||
| 300 | |a 284 p. : |b il. ; |c 23 cm. | ||
| 505 | 0 | |a 1. Desarrollo ontogénico y generación del rendimiento -- 2. Nutrición mineral y fertilización -- 3. Manejo de la fecha de la siembra y la densidad -- 4. Manejo de las malezas -- 5. Aspectos ecofisiológicos para el manejo de enfermedades foliares -- 6. Enfermedades del cultivo. Importancia, síntomas y manejo integrado -- 7. Implicancias de la dormición en la producción y utilización del cultivo -- 8. Los requerimientos de la industria: calidad comercial e industrial y sus determinantes -- 9. Mejoramiento genético de cebada cervecera -- 10. Los mercados de cebada cervecera en la Argentina y en el mundo. | |
| 700 | 1 | |a Benech Arnold, Roberto Luis. | |
| 700 | 1 | |a Abeledo, Leonor Gabriela. | |
| 859 | |a AR-BbBCA |b BIB. AGRONOMIA |h 633.16 |i M672 |p 2011/5890 | ||
| 859 | |a AR-BbBCA |b BIB. AGRONOMIA |h 633.16 |i M672 |p 2013/6304 |t Ej.2 | ||
| 859 | |a AR-BbBCA |b BIB. AGRONOMIA |h 633.16 |i M672 |p 2013/6305 |t Ej.3 | ||
| 859 | |a AR-BbBCA |b BIB. AGRONOMIA |h 633.16 |i M672 |p 2013/6306 |t Ej.4 | ||
